000 00647nam a2200193 i 4500
001 60456
003 ES-MaACL
005 20230906164233.0
007 t|
008 031104s1968 sp ||||1| spa d
100 1 _aEsteban-Altirriba, J.
_948040
245 1 0 _aDirección médica del parto /
_cpor Juan Esteban-Altirriba ; presentación, Víctor Cónill Serra ; prólogo, Roberto Caldeyro-Barcia.
250 _a[1ª ed.].
260 _aBarcelona :
_bJims,
_c[1968]
300 _aXXI, 256 p. :
_bil. ;
_c24 cm.
700 1 _aCónill Serra, Víctor.
_940185
700 1 _aCaldeyro-Barcia, Roberto.
_933641
852 _aES-MaACL
_jC-34546
_bR.66277
999 _c60456
_d60456